LEADER 01473nam a2200337 a 4500 001 000000124195 003 CaOOAMICUS 005 20110203150816.0 008 110203t2010 it u001 u ita r 020 $a978-88-452-6554-9 040 $aPUL$bita 041 1 $aita$afre$hfre 100 1 $aBachelard, Gaston,$d1884-1962.$0(OLS)http://pul/name/5564 240 10$aDialectique de la duréč$lItaliano.$0(OLS)http://pul/title/156560 245 10$aDialettica della durata /$cGaston Bachelard ; introduzione di Vincenzo Cicero. Traduzione, note e apparati di Domenica Mollica. 260 $aMilano :$bBompiani,$c©2010. 300 $a372 p. ;$c22 cm 490 1 $aBompiani testi a fronte ;$v131 546 $aTraduzione in italiano con testo francese a fronte. 650 4$aTempo (filosofia).$0(OLS)http://pul/subject/8504 700 1 $aCicero, Vincenzo,$d1962-$0(OLS)http://pul/name/675 700 1 $aMollica, Domenica.$0(OLS)http://pul/name/78406 830 0$aBompiani testi a fronte ;$v131.$0(OLS)http://pul/title/87343 850 $aPUL 852 $aPUL$W1$xSL Filosofia 1$y2$mPhil A2 2.131$j143000$qStampati$B142017$CPULBib$Z2$F142017 $H115634 $82 941 1 $a8 983 0$aTesti a fronte (Bompiani) 996 $6020$a978-88-452-6554-9$9(OLS)http://pul/number/146260 996 $6245$aDialettica della durata$9(OLS)http://pul/title/156559 996 $6260$aMilano :$bBompiani$9(OLS)http://pul/publisher/48240 LEADER 01167nam a2200301 a 4500 001 000000172122 003 CaOOAMICUS 005 20190621153131.0 008 190621s2019 it u000 u ita r 020 $a978-88-9366-093-9* 032 $aLibriCat 040 $aPUL$bita 100 1 $aVannini, Marco,$d1948-$0(OLS)http://pul/name/1820 245 10$aMistica, psicologia, teologia /$cMarco Vannini. 260 $aFirenze :$bLe Lettere,$c©2019. 300 $a128 p. ;$c22 cm 490 1 $aSaggi ;$v157 504 $aContiene indicazioni bibliografiche. 650 4$aAscetica cristiana.$0(OLS)http://pul/subject/12557 650 4$aMistica.$0(OLS)http://pul/subject/2745 830 0$aSaggi (Le Lettere) ;$v157.$0(OLS)http://pul/title/65997 850 $aPUL 852 $aPUL$W1$xSL Religione 3$y85$m248. 4 VANMA 1$j196054$qDDC 21$B200810$CPULBib$Z2$F200810 $H132955 $82 941 1 $a9 996 $6020$a978-88-9366-093-9*$9(OLS)http://pul/number/166254 996 $6245$aMistica, psicologia, teologia$9(OLS)http://pul/title/213018 996 $6260$aFirenze :$bLe Lettere$9(OLS)http://pul/publisher/60356